000 01246cam a2200337 i 4500
001 768714001
003 CO-MdFUSB
005 20231122153633.0
007 ta
008 160819t1939 enk||||| |||| 00| 0 eng d
040 _aCO-MdFUSB
_cCO-MdFUSB
_dCO-MdFUSB
_bspa
_erda
041 _aeng
082 0 4 _a24
_2G 231
_bM435g
100 1 _aMatthews, W. R. (Walter Robert)
245 1 0 _aGod in Christian thought and experience
_c/ W. R. Matthews
250 _aQuinta edición
264 1 _aLondon
_b: Nisbet,
_c[1939]
264 _c©1939
300 _axxiii, 283 páginas
_c;
336 _2rdacontent
_atexto
_btxt
337 _2rdamedia
_asin mediación
_bn
338 _2rdacarrier
_avolumen
_bnc
500 _aInicluye índice (p. 277-283)
501 _aPasta dura
505 0 0 _aLa experiencia del hombre con Dios - El desarrollo de la concepción de Dios - La experiencia cristiana de Dios - La concepción teológica de Dios - Transición - Trascendencia - El Dios vivo y personal - La trinidad santa - Creador del cielo y de la tierra - El amor y el mal - El tiempo y la providencia.
650 7 _aTeología doctrinal
_9179
650 7 _aDios
_9323
_xEnseñanza bíblica
653 _aDios
942 _cBK
945 _aJohan1477
999 _c45976
_d45976